Visualizzazione normale
Vista MARC
- De Niro Robert
di Personal Name
Records bibliografici associati: 1
001 - CONTROL NUMBER
- control field: 36627
003 - CONTROL NUMBER IDENTIFIER
- control field: IT-RoPau
005 - DATE AND TIME OF LATEST TRANSACTION
- control field: 20151125145918.0
008 - FIXED-LENGTH DATA ELEMENTS
- fixed length control field: 151125|| aca||aabn | a|a d
040 ## - CATALOGING SOURCE
- Original cataloging agency: IT-RoPau
- Transcribing agency: IT-RoPau
100 ## - HEADING--PERSONAL NAME
- Personal name: De Niro Robert
- Relator term: (regista)
- Miscellaneous information: Codice regista SPICS: 15950
670 ## - SOURCE DATA FOUND
- Source citation: Work cat.: (IT-RoPau)104602: De Niro Robert Codice regista SPICS: 15950 36624, BRONX BRONX (Rif. Codice opera principale : D2461)